000
00286nam a2200109 4500
008
160623b xxu||||| |||| 00| 0 eng d
100
_9
785
_a
Puri, G.K
245
_a
Constitution of India
260
_a
N.D
_b
Comptition Review Pvt.Ltd.
300
_a
Constitution of India
942
_2
ddc
_c
BK
999
_c
628
_d
628